Detalles MARC
| 000 -LEADER |
| fixed length control field |
02137cam a2200457Ia 4500 |
| 001 - CONTROL NUMBER |
| control field |
DIGPUZ10159 |
| 003 - CONTROL NUMBER IDENTIFIER |
| control field |
NyNyDIG |
| 006 - FIXED-LENGTH DATA ELEMENTS--ADDITIONAL MATERIAL CHARACTERISTICS |
| fixed length control field |
m o d |
| 007 - PHYSICAL DESCRIPTION FIXED FIELD--GENERAL INFORMATION |
| fixed length control field |
cr ||||||||||| |
| 008 - FIXED-LENGTH DATA ELEMENTS--GENERAL INFORMATION |
| fixed length control field |
120225s2009 sp ob 000 0 spa d |
| 020 ## - INTERNATIONAL STANDARD BOOK NUMBER |
| Canceled/invalid ISBN |
9788492774234 |
| 035 ## - SYSTEM CONTROL NUMBER |
| System control number |
(OCoLC)1333927682 |
| 040 ## - CATALOGING SOURCE |
| Original cataloging agency |
DGITA |
| Language of cataloging |
eng |
| Description conventions |
pn |
| Transcribing agency |
DGITA |
| 050 00 - LIBRARY OF CONGRESS CALL NUMBER |
| Classification number |
NA2542.36 ebook |
| 245 00 - TITLE STATEMENT |
| Title |
Arquitectura bioclimática y urbanismo sostenible. |
| Number of part/section of a work |
volumen I / |
| Statement of responsibility, etc. |
José Antonio Turégano Romero, María del Carmen Velasco Callau y Amaya Martínez García (editores) ; Sergio Díaz de Garaio ... [et al.]. |
| 250 ## - EDITION STATEMENT |
| Edition statement |
1a. ed. |
| 264 #1 - PRODUCTION, PUBLICATION, DISTRIBUTION, MANUFACTURE, AND COPYRIGHT NOTICE |
| Place of production, publication, distribution, manufacture |
Zaragoza : |
| Name of producer, publisher, distributor, manufacturer |
Prensas Universitarias de Zaragoza, |
| Date of production, publication, distribution, manufacture, or copyright notice |
2009. |
| 300 ## - PHYSICAL DESCRIPTION |
| Extent |
1 online resource. |
| 336 ## - CONTENT TYPE |
| Content type term |
text |
| Content type code |
txt |
| Source |
rdacontent |
| 337 ## - MEDIA TYPE |
| Media type term |
computer |
| Media type code |
c |
| Source |
rdamedia |
| 338 ## - CARRIER TYPE |
| Carrier type term |
online resource |
| Carrier type code |
cr |
| Source |
rdacarrier |
| 490 1# - SERIES STATEMENT |
| Series statement |
Coleccion de Textos Docentes ; |
| Volume/sequential designation |
159. Energias renovables |
| 504 ## - BIBLIOGRAPHY, ETC. NOTE |
| Bibliography, etc. note |
Includes bibliographical references. |
| 505 0# - FORMATTED CONTENTS NOTE |
| Formatted contents note |
Clima, microclima y confort -- Simulación energética de edificios -- Instalaciones térmicas en edificios : descripción básica y criterios de eficiencia energética -- Certificación energética de edificios -- Arquitectura bioclimática. |
| 650 #0 - SUBJECT ADDED ENTRY--TOPICAL TERM |
| Topical term or geographic name entry element |
Sustainable architecture. |
| 650 #0 - SUBJECT ADDED ENTRY--TOPICAL TERM |
| Topical term or geographic name entry element |
Architecture and climate. |
| 650 #0 - SUBJECT ADDED ENTRY--TOPICAL TERM |
| Topical term or geographic name entry element |
Architecture and energy conservation. |
| 650 #0 - SUBJECT ADDED ENTRY--TOPICAL TERM |
| Topical term or geographic name entry element |
Sustainable urban development. |
| 650 #0 - SUBJECT ADDED ENTRY--TOPICAL TERM |
| Topical term or geographic name entry element |
Sustainable buildings |
| General subdivision |
Design and construction. |
| 655 #0 - INDEX TERM--GENRE/FORM |
| Genre/form data or focus term |
Electronic books. |
| 700 1# - ADDED ENTRY--PERSONAL NAME |
| Personal name |
Turégano Romero, José Antonio, |
| Relator term |
editor. |
| 700 1# - ADDED ENTRY--PERSONAL NAME |
| Personal name |
Velasco Callau, María del Carmen, |
| Relator term |
editor. |
| 700 1# - ADDED ENTRY--PERSONAL NAME |
| Personal name |
Martínez García, Amaya, |
| Relator term |
editor. |
| 700 1# - ADDED ENTRY--PERSONAL NAME |
| Personal name |
Díaz de Garaio, Sergio, |
| Relator term |
author. |
| 791 2# - |
| -- |
Digitalia (Firm), |
| -- |
distributor. |
| 793 0# - |
| -- |
Digitalia eBook Collection: |
| -- |
Prensas Universitarias de Zaragoza |
| 830 #0 - SERIES ADDED ENTRY--UNIFORM TITLE |
| Uniform title |
Coleccion de Textos Docentes (Prensas Universitarias de Zaragoza) ; |
| Volume/sequential designation |
159. |
| 830 #0 - SERIES ADDED ENTRY--UNIFORM TITLE |
| Uniform title |
Coleccion de Textos Docentes (Prensas Universitarias de Zaragoza). |
| Name of part/section of a work |
Energias renovables. |
| 856 40 - ELECTRONIC LOCATION AND ACCESS |
| Materials specified |
Digitalia Hispánica |
| Uniform Resource Identifier |
<a href="https://www.digitaliapublishing.com/a/10239/">https://www.digitaliapublishing.com/a/10239/</a> |
| 942 ## - ADDED ENTRY ELEMENTS (KOHA) |
| Koha item type |
Recurso Electrónico |